Jump Between World Capitals: Closest Triplet Different Continent Map - Statistics

General Stats
  • This quiz has been taken 630 times
  • The average score is 46 of 200
Answers on the Map
Answers color-coded by a green-red scale on the quiz's map according to % correct below.
 
Answer Stats
Capital % Correct
Athens A
97%
Cairo T
83%
Nicosia T
78%
Ankara B
72%
Tripoli T
63%
Beirut J
62%
Jerusalem A
59%
Tirana S
59%
Tunis V
59%
Valletta P
59%
Algiers A
57%
Amman A
57%
Khartoum D
57%
Pristina R
57%
Rome S
57%
Sofia K
57%
Damascus N
56%
Skopje P
56%
Asmara B
54%
Baghdad P
54%
N'Djamena B
54%
Praia K
47%
Kuwait City S
46%
Paramaribo D
46%
Bucharest A
45%
Djibouti P
45%
Sana'a V
45%
Bridgetown B
44%
Vatican City M
44%
Abuja B
43%
Addis Ababa D
43%
Bangui A
43%
Chișinău J
43%
Doha R
43%
Juba Y
43%
Manama S
43%
Podgorica R
43%
Rabat C
43%
Riyadh C
43%
Sarajevo Z
43%
Yerevan D
43%
Zagreb G
43%
Georgetown R
42%
Banjul A
41%
Brasília B
41%
Castries B
41%
Dakar B
41%
Roseau K
41%
Abu Dhabi M
40%
Belgrade N
40%
Kigali L
40%
Monaco K
40%
Niamey S
40%
Tehran Y
40%
Yaoundé S
40%
Kampala T
39%
Ljubljana C
39%
San Marino M
39%
Tbilisi T
39%
Muscat N
38%
Nouakchott K
37%
Ashgabat B
36%
Caracas A
36%
Kyiv B
36%
Baku B
35%
Mogadishu N
35%
Saint John's M
35%
Budapest B
34%
Nairobi L
33%
Kabul K
30%
Lisbon K
30%
Andorra la Vella A
29%
Basseterre A
29%
Bissau G
29%
Conakry B
28%
Freetown R
28%
Gitega F
28%
Asuncion C
27%
Kingstown S
27%
Bratislava M
25%
Dodoma M
25%
New Delhi S
25%
Reykjavík D
24%
Santo Domingo N
24%
Bamako I
23%
Madrid B
23%
Monrovia D
23%
Islamabad B
22%
Moscow M
22%
Saint George's P
22%
Dublin M
21%
Dushanbe K
21%
Port-of-Spain V
21%
Malé L
20%
Minsk V
20%
Victoria M
20%
Vienna V
20%
Vilnius V
20%
Brazzaville D
19%
Lilongwe S
19%
Vaduz Y
19%
Sri Jayawardenepura Kotte T
18%
Kinshasa M
17%
Ouagadougou D
17%
Tashkent P
17%
Yamoussoukro W
17%
Kathmandu A
16%
Malabo M
15%
Port-au-Prince M
15%
Warsaw P
15%
Accra B
14%
Bern B
14%
Bishkek L
14%
Dhaka L
14%
Montevideo K
14%
Moroni O
14%
Paris T
14%
Prague H
14%
Astana B
13%
Harare P
12%
Libreville L
12%
Luxembourg B
12%
Thimphu K
12%
Bogotá A
11%
Lomé B
11%
Lusaka A
11%
Buenos Aires L
10%
Kingston O
10%
Amsterdam A
9%
Antananarivo B
9%
London L
9%
Ottawa W
9%
Washington N
9%
Berlin C
8%
Brussels C
8%
Naypyidaw N
8%
Cotonou J
7%
Nassau P
7%
Jakarta K
6%
Panama City B
6%
Port Louis R
6%
Riga S
6%
Sucre P
6%
Canberra G
5%
Kuala Lumpur P
5%
Porto-Novo C
5%
Bangkok M
4%
Copenhagen P
4%
Gaborone P
4%
Helsinki H
4%
Pretoria T
4%
Quito M
4%
São Tomé S
4%
Singapore O
4%
Tallinn V
4%
La Paz B
3%
Lima S
3%
Maputo M
3%
Mbabane H
3%
Phnom Penh S
3%
Stockholm S
3%
Vientiane W
3%
Apia L
2%
Bandar Seri Begawan F
2%
Bloemfontein S
2%
Cape Town Q
2%
Funafuti H
2%
Guatemala City L
2%
Hanoi B
2%
Havana M
2%
Luanda C
2%
Mexico City A
2%
Nukuʻalofa G
2%
Oslo N
2%
San José W
2%
San Salvador N
2%
Santiago L
2%
Tokyo P
2%
Wellington S
2%
Windhoek S
2%
Belmopan B
1%
Dili T
1%
Honiara
1%
Majuro D
1%
Managua
1%
Manila
1%
Maseru M
1%
Ngerulmud T
1%
Palikir
1%
Port Moresby U
1%
Pyongyang
1%
South Tarawa
1%
Suva M
1%
Taipei
1%
Tegucigalpa P
1%
Ulaanbaatar S
1%
Yaren
1%
Beijing
0%
Port Vila
0%
Seoul
0%
No matching quizzes found
Score Distribution
Percent of People with Each Score
Percentile by Number Answered
Your Score History
You have not taken this quiz